000 00587nam a2200193Ia 4500
003 GCL
008 140319s9999 xx 000 0 ara d
040 _aGCL /
_cGCL
082 0 4 _a819.4
_bع ج
100 1 _aعبدالله التطاوى
245 1 0 _aالجدل والقص فى النثر العباسى /
_cعبدالله التطاوى
260 _a[S.N] :
_bدار الثقافة للنشر والتوزيع ،
_c1988
300 _a222 ص
490 _a
650 0 4 _aالادب العربى
650 0 4 _aتاريخ
650 0 4 _aالنثر العربى
942 _2ddc
_cBK
999 _c29613
_d29613